Music Quiz

Random Music or Kpop Quiz

5 by 5 K-Pop Quiz Stats

 Plays Quiz not verified by Sporcle

Score 0/25 Timer 08:00
1 Play Today
% Correct
KARD
95.1%
BOOMBAYAH
89.6%
TT
89.5%
G-Dragon
88.1%
Fire
87.5%
Jackson
87.1%
Chanyeol
86.7%
Taeyeon
83.3%
Zico
80.7%
Wanna One
79.7%
I Am the Best
79.6%
Jimin
77.9%
Solar
75.3%
% Correct
Jooheon
72.5%
PRISTIN
69.2%
S.E.S
67.7%
H.O.T
64.4%
Weki Meki
61.7%
Sowon
59.7%
Golden Child
55.1%
Mr. Simple
51.7%
Shinhwa
49.1%
Sojin
40.9%
SECHSKIES
38.8%
Fin.K.L
33.5%

You're not logged in!

Compare scores with friends on all Sporcle quizzes.
OR
Log In

Sporcle TV

Today on Sporcle TV


Watch our educational content, quiz creation guides, and fun videos on Sporcle TV.

Show Comments

Extras

Top Quizzes Today


Score Distribution

Your Account Isn't Verified!

In order to create a playlist on Sporcle, you need to verify the email address you used during registration. Go to your Sporcle Settings to finish the process.

Report this User

Report this user for behavior that violates our Community Guidelines.

Details: